| 000 | 004450000a22001810004500 | ||
|---|---|---|---|
| 003 | MACL | ||
| 005 | 20151227133040.0 | ||
| 008 | 151227b xxu||||| |||| 00| 0 eng d | ||
| 040 |
_aMACL _cmacl |
||
| 041 | _aEnglish | ||
| 082 | _a010.9/VIR | ||
| 100 |
_aVir, Dharma _91034 |
||
| 245 | _aGandhi Bibliography | ||
| 260 |
_bGandhi Smarak Nidhi _c1967 _aChandigarh |
||
| 350 | _a25 | ||
| 650 |
_aBibliography _915346 |
||
| 942 |
_cBK _k010.9/VIR _2ddc |
||
| 999 |
_c36021 _d36021 |
||